Catálogo
 En Linea

Police at the funeral / (Registro nro. 16960)

Detalles MARC
000 -CABECERA
campo de control de longitud fija 00646cam a2200229 a 4500
001 - NÚMERO DE CONTROL
campo de control 000017435
003 - IDENTIFICADOR DEL NÚMERO DE CONTROL
campo de control DO-SdBNP
005 - FECHA Y HORA DE LA ÚLTIMA TRANSACCIÓN
campo de control 20250702093544.0
008 - DATOS DE LONGITUD FIJA--INFORMACIÓN GENERAL
campo de control de longitud fija 790417s1932 gw 000 1 eng
035 ## - NÚMERO DE CONTROL DEL SISTEMA
Número de control de sistema (DLC) 32007609
035 ## - NÚMERO DE CONTROL DEL SISTEMA
Número de control de sistema (OCoLC)4865301
040 ## - FUENTE DE LA CATALOGACIÓN
Centro catalogador/agencia de origen DO-SdBNP
Lengua de catalogación eng
Centro/agencia transcriptor GEU
Centro/agencia modificador GEU
-- BNPHU
049 ## - FONDOS LOCALES (OCLC)
Fondos de biblioteca BNGR
050 00 - SIGNATURA TOPOGRÁFICA DE LA BIBLIOTECA DEL CONGRESO
Número de clasificación PZ3.A4372
Número de documento/Ítem Po2
Número de clasificación PR6001.L678
082 ## - NÚMERO DE LA CLASIFICACIÓN DECIMAL DEWEY
Número de clasificación NN
Número de documento/Ítem A437
100 1# - ENTRADA PRINCIPAL--NOMBRE DE PERSONA
Nombre de persona Allingham, Margery,
Fechas asociadas al nombre 1904-1966.
9 (RLIN) 38119
245 10 - MENCIÓN DE TÍTULO
Título Police at the funeral /
Mención de responsabilidad, etc. Margery Allinghan.
260 ## - PUBLICACIÓN, DISTRIBUCIÓN, ETC.
Lugar de publicación, distribución, etc. Leipzig :
Nombre del editor, distribuidor, etc. Bernhard Tauchnitz,
Fecha de publicación, distribución, etc. 1932.
300 ## - DESCRIPCIÓN FÍSICA
Extensión 302 p. ;
Dimensiones 16 cm.
910 ## - DATOS DE OPCIÓN DEL USUARIO (OCLC)
Datos de opción del usuario Catalogación derivada
942 ## - ELEMENTOS DE PUNTO DE ACCESO ADICIONAL (KOHA)
Fuente del sistema de clasificación o colocación Dewey Decimal Classification
Tipo de ítem Koha Libro
Existencias
Estado de retiro Estado de pérdida Restricciones de uso No para préstamo Código de colección Localización permanente Ubicación/localización actual Ubicación en estantería Fecha de adquisición Número de inventario Total de préstamos Signatura topográfica completa Código de barras Fecha visto por última vez Precio válido a partir de Tipo de ítem Koha
        Monografías: Libros y Folletos General General En catalogación 24.03.2010 LF1   NN A437 17435-10 25.06.2020 25.06.2020 Préstamo en sala

Con tecnología Koha